Регионална библиотека "Любен Каравелов" - Русе

Брюл (Запис номер 370277)

MARC детайли
000 -Лидер
Контролно поле с фиксирана дължина nam a22 a 4500
003 - Код на организацията, давaща контролен номер
Контролно поле BLK
005 - Дата и час на последна редакция
Контролно поле 20230504113017.0
008 - Елементи от данни с фиксирана дължина
fixed length control field 180411b bul|||||r ||||||| ||bul||
010 ## - Наследен системен номер
LC control number KNG00216381000
020 ## - Международен стандартен номер на книга ISBN
Международен стандартен номер на книга ISBN 954-8431-03-3
040 ## - Източник на каталожния запис
Идентификатор на билиотеката - собственик на записа BLK
041 ## - Код за език
Код за езика на текст/звукозапис или на отделно заглавие Български
Код за езика КДБФ Български
080 ## - УДК
Текстов определител УДК Полска литература
УДК код - определител по УДК 821.162.1
УДК определител -31
УДК - код + определител 821.162.1-31
100 1# - Редна дума - Автор
Автор Крашевски, Юзеф Игнаци
Авторска отговорност първи автор
R(LIN) 286822
139 ## - Редно поле
Редна дума Крашевски, Юзеф Игнаци
Авторски знак Крал - К 89
245 10 - Сведения за заглавието
Заглавие Брюл
Подзаглавни данни Роман
Редно поле (дума) Юзеф Игнаци Крашевски; прев. от пол. Димитър Минков Икономов.
257 ## - Страна на издаване
Страна на създаване/издаване Полша
260 ## - Област на издателските данни
Място на издаване, разпространение и проч. София
Име на издателя, разпространителя и проч. Бомил-Дукова
Година на издаване 1993
9 (RLIN) 416144
300 ## - Физическа характеристика
Страници 318 с.
Размери/Мащаб 21 см
380 ## - Жанр
Жанр Худож. лит.
500 ## - Общи забележки
Забележка Ориг. загл. Bruhl. - Авт. не е отбелязан на кор. - 35 125 тир. - Кн. е продължение на Графиня Козел от същия авт.
700 1# - Други автори (авторска отговорност)
Лично име Икономов, Димитър Минков
Автороска отговорност (Описва отношението между автора и произведението) прев. от пол.
9 (RLIN) 343689
852 ## - Местоположение
Форматна сигнатура Цб 174501
Фондова буква Хранилище
856 4# - Електронен адрес и достъп
Електронен формат pdf - файл
Инструкция (цена за достъп) 0.00
Права за достъп disable
856 4# - Електронен адрес и достъп
Електронен формат pdf - файл
Инструкция (цена за достъп) 0.00
Права за достъп disable
999 ## - СИСТЕМНИ КОНТРОЛНИ НОМЕРА
Koha biblionumber 370277
Koha biblioitemnumber 370277
942 ## - АРТИКУЛИ
Вид на библиотечния материал Книги
Скрит в OPAC Не
Периодичен библиозапис Да
944 ## - СЪЗДАВАНЕ И РЕДАКЦИЯ на ЗАПИСА
Създаване/Редакция Създаване
Дата на регистрацията/редакция 2020-06-23
Служител, извършил регистрацията/редакцията В.Т.
944 ## - СЪЗДАВАНЕ И РЕДАКЦИЯ на ЗАПИСА
Създаване/Редакция Редакция
Дата на регистрацията/редакция 26.02.2018
Служител, извършил регистрацията/редакцията Симона_Петрова
999 ## - СИСТЕМНИ КОНТРОЛНИ НОМЕРА
Koha biblioitemnumber 370277
999 ## - СИСТЕМНИ КОНТРОЛНИ НОМЕРА
Koha biblioitemnumber 206631
Наличности
Код за отписване Код за изгубен артикул Източник на класификационната схема Код за повреда Коз за рестрикции Код за отдаване Артикулен № Име на библиотеката - собственик Име на библиотеката, в която се намира в момента Статус (Текущо местоположение) Дата на вписване в системата Местоположение - отдел Цена в лева Инвентарен номер Систематично азбучна сигнатура Баркод Цена в евро Служебен тип на артикула
  Не е изгубен Universal Decimal Classification Не е повреден само за читалня ползва се в читалня 779039 Регионална библиотека "Любен Каравелов" Русе Регионална библиотека "Любен Каравелов" Русе Хранилище 2020-06-26 Хранилище 33.00 594294 Цб 174501 120000594294 16.87 Книги
Vip Innovations Ltd, Rousse, Bulgaria 2025